[Event "Grand Pacific op"]
[Site "Victoria CAN"]
[Date "2018.03.31"]
[Round "2.2"]
[White "Ginsburg, Mark"]
[Black "Sali, Zulfikar"]
[Result "1-0"]
[WhiteElo "2372"]
[BlackElo "2225"]
[PlyCount "90"]
[EventDate "2018.03.30"]
[EventType "swiss"]
[EventRounds "6"]
[EventCountry "CAN"]

1. c4 Nf6 2. Nc3 g6 3. e4 d6 4. d4 Bg7 5. Nf3 O-O 6. Be2 Na6 7. O-O e5 8. Rb1
exd4 9. Nxd4 Re8 10. f3 Nc5 11. Be3 a5 12. Ndb5 b6 13. Qd2 Bb7 14. Rbd1 Ne6 15.
Nd5 Nxd5 16. cxd5 Nc5 17. Nd4 Ba6 18. Bxa6 Rxa6 19. Nc6 Qd7 20. Bd4 Raa8 21.
Bxg7 Kxg7 22. Qd4+ f6 23. Rde1 Rf8 24. f4 Rae8 25. Re3 Kg8 26. Rfe1 Qg4 27. Rf1
Rf7 28. h3 Qh4 29. Kh2 Qh6 30. g3 Qg7 31. Rfe1 Ref8 32. Qc4 h5 33. Nd4 Qh6 34.
h4 Kh8 35. Kg2 Re7 36. Nf3 Qg7 37. e5 fxe5 38. fxe5 Rxf3 39. Rxf3 dxe5 40. Ref1
Re8 41. Rf7 Qh6 42. Rxc7 Rf8 43. Qc1 g5 44. Rxf8+ Qxf8 45. Qxg5 e4 1-0

[Event "Grand Pacific op"]
[Site "Victoria CAN"]
[Date "2018.03.31"]
[Round "2.4"]
[White "Hemstapat, Andrew"]
[Black "Doknjas, John"]
[Result "1-0"]
[WhiteElo "2166"]
[BlackElo "2291"]
[PlyCount "121"]
[EventDate "2018.03.30"]
[EventType "swiss"]
[EventRounds "6"]
[EventCountry "CAN"]
[TimeControl "300"]

1. e4 c5 2. Nf3 d6 3. d4 cxd4 4. Nxd4 Nf6 5. Nc3 a6 6. Bg5 e6 7. f4 Qb6 8. Nb3
Nbd7 9. Qf3 Be7 10. O-O-O Qc7 11. Nd4 O-O 12. g4 b5 13. Bxf6 Nxf6 14. g5 Nd7
15. Bd3 Nc5 16. Rhg1 b4 17. Nce2 a5 18. Kb1 a4 19. f5 a3 20. f6 Bd8 21. Qh5
axb2 22. e5 Nxd3 23. Rxd3 Qa5 24. Kxb2 Qxe5 25. Rg4 Ra3 26. Rh4 h6 27. fxg7
Qxg7 28. gxh6 Qf6 29. Rf4 Qe5 30. Qf3 Rxd3 31. cxd3 f5 32. h4 Kh7 33. Kb1 Rg8
34. Nc6 Qf6 35. Nxd8 Qxd8 36. Qc6 Qd7 37. Qb6 Rg2 38. Rc4 Kxh6 39. Rc7 Rxe2 40.
Rxd7 Bxd7 41. Qxd6 Bb5 42. Qf4+ Kh7 43. Qf3 Re1+ 44. Kb2 Be8 45. Qb7+ Kg6 46.
Qxb4 Re2+ 47. Kb3 Bc6 48. a4 Bd5+ 49. Kc3 Kh5 50. Qe7 Kg4 51. Qg5+ Kf3 52. h5
Rh2 53. h6 f4 54. Qg7 Ke2 55. h7 Rh1 56. h8=Q Rxh8 57. Qxh8 f3 58. Qh5 Ke1 59.
Qe5+ Kf1 60. Kd2 f2 61. Qg3 1-0

[Event "Grand Pacific op"]
[Site "Victoria CAN"]
[Date "2018.03.31"]
[Round "2.5"]
[White "Findlay, Ian"]
[Black "Gansvind, Valeriya"]
[Result "1-0"]
[WhiteElo "2290"]
[BlackElo "2157"]
[PlyCount "105"]
[EventDate "2018.03.30"]
[EventType "swiss"]
[EventRounds "6"]
[EventCountry "CAN"]

1. e4 g6 2. d4 d6 3. Nf3 Bg7 4. Nc3 c6 5. Be2 b5 6. a4 b4 7. Na2 Qb6 8. a5 Qxa5
9. Bd2 Qb6 10. Bxb4 Nf6 11. e5 Nd5 12. Ba3 Nf4 13. exd6 Nxg2+ 14. Kf1 Bh3 15.
Kg1 Nf4 16. Bc4 e6 17. Qd2 Bh6 18. d7+ Nxd7 19. Bd6 Qxb2 20. Re1 g5 21. Nc3 Bf5
22. Bb3 Rg8 23. Ne4 g4 24. Bxf4 gxf3+ 25. Ng3 Bxf4 26. Qxf4 Bxc2 27. Bxc2 Qxc2
28. Qxf3 Rc8 29. Kg2 Qc4 30. Ra1 Qxd4 31. Rhd1 Qc5 32. Rxd7 Rxg3+ 33. hxg3 Kxd7
34. Qxf7+ Kd6 35. Rd1+ Qd5+ 36. Rxd5+ cxd5 37. Qxa7 Rc7 38. Qb6+ Rc6 39. Qb4+
Rc5 40. Qf4+ Kc6 41. Qf7 d4 42. Qxe6+ Kb5 43. Qb3+ Kc6 44. Qd3 Kd5 45. Qxh7 Rc3
46. Qf7+ Kc5 47. Qc7+ Kd5 48. Qa5+ Kc4 49. Qa2+ Kd3 50. Kf3 Rc2 51. Qb3+ Kd2
52. Ke4 Rc3 53. Qb2+ 1-0

[Event "Grand Pacific op"]
[Site "Victoria CAN"]
[Date "2018.03.31"]
[Round "2.6"]
[White "Brown, Gabriel"]
[Black "Reeve, Jeff"]
[Result "1/2-1/2"]
[WhiteElo "2075"]
[BlackElo "2286"]
[PlyCount "82"]
[EventDate "2018.03.30"]
[EventType "swiss"]
[EventRounds "6"]
[EventCountry "CAN"]

1. c4 e5 2. g3 Nf6 3. Bg2 c6 4. Nf3 e4 5. Nd4 Qb6 6. Nc2 d5 7. cxd5 cxd5 8. d3
Nc6 9. Nc3 Be6 10. O-O Rd8 11. b3 Be7 12. Bb2 O-O 13. Qd2 Rfe8 14. Rad1 h6 15.
Qf4 Nh5 16. Qc1 f5 17. g4 Bg5 18. e3 Nf6 19. gxf5 Bxf5 20. dxe4 dxe4 21. Ne2
Rxd1 22. Rxd1 Bg6 23. Rd2 Ne5 24. Bxe5 Rxe5 25. Ncd4 Bh5 26. Ng3 Bg6 27. Qc4+
Kh7 28. Rc2 h5 29. Qc7 Qxc7 30. Rxc7 Nd5 31. Rxb7 Nxe3 32. Rxa7 Nd1 33. Rd7 e3
34. fxe3 Bxe3+ 35. Kh1 Nf2+ 36. Kg1 Ng4+ 37. Kh1 h4 38. Nf1 Nf2+ 39. Kg1 Nh3+
40. Kh1 Nf2+ 41. Kg1 Nh3+ 1/2-1/2

[Event "Grand Pacific op"]
[Site "Victoria CAN"]
[Date "2018.03.31"]
[Round "2.7"]
[White "MacKinnon, Keith"]
[Black "Cheng, Louis"]
[Result "1-0"]
[WhiteElo "2280"]
[BlackElo "2092"]
[PlyCount "73"]
[EventDate "2018.03.30"]
[EventType "swiss"]
[EventRounds "6"]
[EventCountry "CAN"]

1. e4 c5 2. Nf3 d6 3. Bb5+ Nd7 4. d4 Qa5+ 5. Nc3 a6 6. Bxd7+ Bxd7 7. dxc5 dxc5
8. Ne5 Nf6 9. Nxd7 Nxd7 10. O-O g6 11. Nd5 Bg7 12. Bg5 e6 13. Ne3 Qc7 14. Nc4
f6 15. Bh4 O-O 16. Bg3 e5 17. Qd5+ Kh8 18. Rfd1 Nb6 19. Qd6 Qxd6 20. Nxd6 Rab8
21. a4 Bh6 22. Kf1 Kg7 23. a5 Nc8 24. Nc4 b5 25. Nxe5 Rb7 26. Nd7 Re8 27. Nxc5
Rbe7 28. Nxa6 Rxe4 29. Nc7 R8e7 30. Nxb5 Rb4 31. Nd6 Na7 32. b3 Kg8 33. a6 Bg7
34. Nc8 Nxc8 35. Rd8+ Kf7 36. Rxc8 f5 37. a7 1-0

[Event "Grand Pacific op"]
[Site "Victoria CAN"]
[Date "2018.03.31"]
[Round "2.8"]
[White "Matras-Clement, Agnieszka"]
[Black "Geng, Matthew"]
[Result "1-0"]
[WhiteElo "2300"]
[BlackElo "1848"]
[PlyCount "72"]
[EventDate "2018.03.30"]
[EventType "swiss"]
[EventRounds "6"]
[EventCountry "CAN"]

1. e4 c5 2. Nc3 d6 3. Nf3 Nf6 4. d4 cxd4 5. Nxd4 a6 6. Be3 e5 7. Nb3 Be6 8. f3
Be7 9. Qd2 Nbd7 10. g4 O-O 11. g5 Nh5 12. O-O-O b5 13. Rg1 Nb6 14. Qf2 Rb8 15.
Kb1 Nc4 16. Bxc4 bxc4 17. Nc5 Qa5 18. N5a4 Qc7 19. Ka1 Rb7 20. Nb6 Nf4 21. Bxf4
Rxb6 22. Be3 Rb7 23. f4 f5 24. gxf6 Bxf6 25. f5 Bf7 26. Qd2 Bh5 27. Nd5 Qb8 28.
Rb1 Bf3 29. Bg5 Bxg5 30. Qxg5 Kh8 31. Qh4 Qe8 32. Rg5 h6 33. Rg6 Rxf5 34. exf5
Bxd5 35. Rbg1 Qf7 36. f6 c3 1-0

[Event "Grand Pacific op"]
[Site "Victoria CAN"]
[Date "2018.03.31"]
[Round "2.10"]
[White "Patterson, Roger"]
[Black "Escandor, Manuel Omana"]
[Result "1-0"]
[WhiteElo "2116"]
[BlackElo "1830"]
[PlyCount "87"]
[EventDate "2018.03.30"]
[EventType "swiss"]
[EventRounds "6"]
[EventCountry "CAN"]

1. c4 e6 2. Nf3 d5 3. b3 Be7 4. Bb2 Nf6 5. g3 b6 6. Bg2 Bb7 7. O-O O-O 8. cxd5
Bxd5 9. d3 h6 10. Nbd2 Nbd7 11. Qc2 Rc8 12. Rfd1 Bb4 13. Nc4 b5 14. Ncd2 Nh7
15. e4 Bb7 16. Nd4 a6 17. Nc6 Bxc6 18. Qxc6 Nb8 19. Qc2 Nf6 20. Nf1 c5 21. Rac1
Qe7 22. a3 Ba5 23. b4 cxb4 24. Qxc8 Rxc8 25. Rxc8+ Kh7 26. axb4 Bc7 27. Rc1 Ne8
28. e5 Qd7 29. Rxe8 Qxe8 30. Rxc7 g6 31. Be4 Kg7 32. Ne3 Qd8 33. Rb7 Nd7 34.
Ng4 Nb6 35. Nf6 Na4 36. Rd7 Qc8 37. Bd4 Nc3 38. Bb7 Ne2+ 39. Kf1 Qc2 40. Rd8
Qd1+ 41. Kg2 Qg1+ 42. Kh3 h5 43. Rg8+ Kh6 44. Be3+ 1-0

[Event "Grand Pacific op"]
[Site "Victoria CAN"]
[Date "2018.03.31"]
[Round "3.3"]
[White "Cao, Jason"]
[Black "Hemstapat, Andrew"]
[Result "1/2-1/2"]
[WhiteElo "2423"]
[BlackElo "2166"]
[PlyCount "66"]
[EventDate "2018.03.30"]
[EventType "swiss"]
[EventRounds "6"]
[EventCountry "CAN"]

1. e4 e6 2. d4 d5 3. Nc3 Nf6 4. e5 Nfd7 5. f4 c5 6. Nf3 Nc6 7. Be3 a6 8. Qd2 b5
9. Be2 Qb6 10. Nd1 cxd4 11. Nxd4 Bc5 12. Nxc6 Qxc6 13. O-O Bb7 14. Bf3 O-O 15.
Kh1 Rac8 16. Bxc5 Qxc5 17. Ne3 Nb6 18. c3 Nc4 19. Nxc4 bxc4 20. Rad1 Bc6 21.
Qe2 Rb8 22. Rd4 Rb5 23. Rf2 Rfb8 24. Rd2 Qb6 25. g4 h6 26. f5 Rd8 27. g5 hxg5
28. fxe6 fxe6 29. Bg4 Be8 30. Bh5 Qc6 31. Qf3 Bxh5 32. Qxh5 d4+ 33. Kg1 Rxe5
1/2-1/2

[Event "Grand Pacific op"]
[Site "Victoria CAN"]
[Date "2018.03.31"]
[Round "3.4"]
[White "Kostadinov, Georgi"]
[Black "Matras-Clement, Agnieszka"]
[Result "0-1"]
[WhiteElo "2173"]
[BlackElo "2300"]
[PlyCount "92"]
[EventDate "2018.03.30"]
[EventType "swiss"]
[EventRounds "6"]
[EventCountry "CAN"]

1. Nf3 d5 2. c4 c6 3. d4 Nf6 4. Bf4 e6 5. e3 Nbd7 6. Be2 Be7 7. O-O O-O 8. h3
Ne4 9. Qc2 Ndf6 10. Ne5 h6 11. f3 Ng5 12. h4 Ngh7 13. Bd3 dxc4 14. Nxc4 Re8 15.
Nc3 Nf8 16. e4 Qxd4+ 17. Be3 Qd8 18. Rad1 Qc7 19. a4 e5 20. Qf2 b6 21. Qg3 Ng6
22. Qh2 h5 23. g3 Be6 24. Qe2 Red8 25. Rb1 Bb4 26. Rfc1 Qe7 27. b3 Rd7 28. Na2
Bc5 29. Bxc5 Qxc5+ 30. Ne3 Qd4 31. Ba6 Nf4 32. gxf4 exf4 33. Rxc6 fxe3 34. Rc3
Nxe4 35. Rxe3 Ng3 36. Qf2 Qxh4 37. Qh2 Qxh2+ 38. Kxh2 h4 39. Nc3 Rd2+ 40. Ne2
Rad8 41. Kg1 Nxe2+ 42. Bxe2 Rc2 43. Bd3 Rd2 44. Be2 h3 45. f4 g6 46. Ba6 Rg2+
0-1

[Event "Grand Pacific op"]
[Site "Victoria CAN"]
[Date "2018.03.31"]
[Round "3.6"]
[White "Roback, Joe"]
[Black "Doknjas, Joshua"]
[Result "1/2-1/2"]
[WhiteElo "2005"]
[BlackElo "2256"]
[PlyCount "67"]
[EventDate "2018.03.30"]
[EventType "swiss"]
[EventRounds "6"]
[EventCountry "CAN"]

1. e4 c5 2. Nf3 d6 3. d4 cxd4 4. Nxd4 Nf6 5. Nc3 a6 6. Be3 e5 7. Nf3 Be7 8. Bc4
O-O 9. O-O Nc6 10. h3 Be6 11. Bd5 Rc8 12. Qd2 b5 13. Bg5 b4 14. Ne2 Bxd5 15.
exd5 Ne4 16. Bxe7 Nxd2 17. Bxd8 Nxf3+ 18. gxf3 Nxd8 19. Rac1 Rc5 20. Rfd1 Ra5
21. Ra1 Nb7 22. a3 bxa3 23. b4 Rb5 24. Rxa3 Rxb4 25. Rxa6 Rd8 26. Rda1 Kf8 27.
Rc6 Ke7 28. Ra7 g6 29. Nc3 Rd7 30. Na4 Nc5 31. Rxd7+ Nxd7 32. Ra6 f5 33. Ra7 h5
34. h4 1/2-1/2

[Event "Grand Pacific op"]
[Site "Victoria CAN"]
[Date "2018.03.31"]
[Round "3.7"]
[White "Doknjas, John"]
[Black "Brown, Gabriel"]
[Result "1-0"]
[WhiteElo "2291"]
[BlackElo "2075"]
[PlyCount "87"]
[EventDate "2018.03.30"]
[EventType "swiss"]
[EventRounds "6"]
[EventCountry "CAN"]

1. d4 Nf6 2. c4 g6 3. f3 c5 4. d5 Bg7 5. e4 d6 6. Nc3 O-O 7. Be3 a6 8. Qd2 Qc7
9. Nge2 e6 10. a4 exd5 11. cxd5 Nbd7 12. Nc1 Ne5 13. Be2 Ne8 14. O-O f5 15. h3
Nf6 16. f4 Nf7 17. exf5 Bxf5 18. Bf3 Rae8 19. N1e2 Re7 20. Ng3 Bc8 21. Bf2 Rfe8
22. Qc2 Nh6 23. Nce4 Nf5 24. Rfe1 Nxe4 25. Bxe4 Nd4 26. Qd3 Qa5 27. Re3 b5 28.
Rae1 c4 29. Qb1 Qxa4 30. h4 Bf5 31. Nxf5 gxf5 32. Bxf5 Nxf5 33. Qxf5 Rxe3 34.
Rxe3 Qd1+ 35. Kh2 Rxe3 36. Bxe3 Bd4 37. Qe6+ Kg7 38. Qe7+ Kg8 39. Bxd4 Qxd4 40.
Qxd6 Qxb2 41. Qe6+ Kg7 42. Qe7+ Kg6 43. h5+ Kxh5 44. Qg5# 1-0

[Event "Grand Pacific op"]
[Site "Victoria CAN"]
[Date "2018.03.31"]
[Round "3.8"]
[White "Zhu, Brandon"]
[Black "Nyamdorj, Davaa-Ochir"]
[Result "0-1"]
[WhiteElo "2048"]
[BlackElo "2253"]
[PlyCount "104"]
[EventDate "2018.03.30"]
[EventType "swiss"]
[EventRounds "6"]
[EventCountry "CAN"]

1. e3 Nf6 2. Nf3 d5 3. c4 e6 4. b3 Be7 5. Bb2 O-O 6. Be2 c5 7. O-O Nc6 8. cxd5
Nxd5 9. Nc3 b6 10. Nxd5 Qxd5 11. Bc4 Qd8 12. Qe2 Bf6 13. d4 cxd4 14. exd4 Bb7
15. Rfd1 Ne7 16. Ba3 a6 17. Ne5 b5 18. Bd3 Qd5 19. Qg4 h5 20. Qg3 Rfe8 21. Bb2
Nf5 22. Qh3 g6 23. Be2 Qd6 24. f4 Rac8 25. Rd2 Nh4 26. Bd3 Qd5 27. Re1 Qd6 28.
Re3 Nf5 29. Bxf5 exf5 30. Rde2 Re7 31. Rg3 h4 32. Rd3 Rec7 33. Rdd2 Kg7 34. Qe3
Be4 35. h3 Qd5 36. Ba3 Rc3 37. Qf2 Bxg2 38. Re3 b4 39. Bb2 Rxe3 40. Qxe3 Be4
41. Nc4 Rc6 42. Qf2 a5 43. Ne3 Qd8 44. Nc4 a4 45. d5 Rc8 46. Be5 Bxe5 47. fxe5
axb3 48. axb3 Qg5+ 49. Kf1 Ra8 50. d6 Ra1+ 51. Ke2 f4 52. Rd1 Qh5+ 0-1

[Event "Grand Pacific op"]
[Site "Victoria CAN"]
[Date "2018.03.31"]
[Round "3.9"]
[White "Sali, Zulfikar"]
[Black "Jacobsen, Henrik"]
[Result "1-0"]
[WhiteElo "2225"]
[BlackElo "1951"]
[PlyCount "95"]
[EventDate "2018.03.30"]
[EventType "swiss"]
[EventRounds "6"]
[EventCountry "CAN"]

1. e4 c5 2. Nf3 e6 3. d3 Nc6 4. g3 d6 5. Bg2 g6 6. O-O Bg7 7. c3 Nge7 8. Qe2
O-O 9. h4 Rb8 10. Rd1 b6 11. Nbd2 Qc7 12. Nc4 b5 13. Ne3 b4 14. c4 f5 15. Nc2
Bd7 16. h5 Rbe8 17. h6 Bh8 18. Ng5 Nd4 19. Nxd4 Bxd4 20. Be3 Nc6 21. exf5 Rxf5
22. f4 Bxe3+ 23. Qxe3 Nd4 24. Rd2 Bc6 25. g4 Rff8 26. Rf1 Bxg2 27. Rxg2 Qe7 28.
Re1 Kh8 29. Nf3 Nxf3+ 30. Qxf3 Qh4 31. Rf1 Qxh6 32. Qc6 Rd8 33. Qe4 Qg7 34. Re2
Rde8 35. Kg2 Qf6 36. Kg3 Rf7 37. Qc6 Qe7 38. Rfe1 e5 39. fxe5 dxe5 40. Rxe5
Qxe5+ 41. Rxe5 Rxe5 42. Qd6 Rfe7 43. d4 cxd4 44. Qxd4 Kg8 45. c5 Re4 46. Qd5+
Kf8 47. c6 g5 48. Qxg5 1-0

[Event "Grand Pacific op"]
[Site "Victoria CAN"]
[Date "2018.03.31"]
[Round "3.11"]
[White "Gansvind, Valeriya"]
[Black "Gu, Chuyang"]
[Result "1-0"]
[WhiteElo "2157"]
[BlackElo "1917"]
[PlyCount "69"]
[EventDate "2018.03.30"]
[EventType "swiss"]
[EventRounds "6"]
[EventCountry "CAN"]

1. d4 Nf6 2. Nf3 e6 3. e3 b6 4. Bd3 Bb7 5. Nbd2 d5 6. a3 Nbd7 7. b3 c5 8. Bb2
Bd6 9. Ne5 Qc7 10. f4 a6 11. Qe2 b5 12. c4 bxc4 13. bxc4 Nb6 14. a4 Ne4 15. a5
Nd7 16. cxd5 exd5 17. Bxe4 dxe4 18. Nxd7 Qxd7 19. Nc4 cxd4 20. Nxd6+ Qxd6 21.
Bxd4 O-O 22. O-O f5 23. Rfd1 Qe6 24. Rab1 Bc6 25. Rb6 Rfc8 26. Rxa6 Bb5 27.
Rxe6 Bxe2 28. Ra1 Ba6 29. Re7 g6 30. Rg7+ Kf8 31. Rxh7 Rd8 32. Kf2 Bd3 33. h4
Ra6 34. Rc1 Kg8 35. Rh8+ 1-0

[Event "Grand Pacific op"]
[Site "Victoria CAN"]
[Date "2018.03.31"]
[Round "3.13"]
[White "Geng, Matthew"]
[Black "Bashkansky, Naomi"]
[Result "1/2-1/2"]
[WhiteElo "1848"]
[BlackElo "2080"]
[PlyCount "94"]
[EventDate "2018.03.30"]
[EventType "swiss"]
[EventRounds "6"]
[EventCountry "CAN"]

1. d4 d5 2. c4 dxc4 3. e3 e6 4. Bxc4 Nf6 5. Nf3 c5 6. O-O a6 7. dxc5 Qxd1 8.
Rxd1 Bxc5 9. b3 O-O 10. Bb2 Nbd7 11. Nbd2 b5 12. Be2 Bb7 13. a4 bxa4 14. Rxa4
Nb6 15. Raa1 Nfd5 16. Ne5 a5 17. Rdc1 Bb4 18. Ndc4 a4 19. Bf3 Rfb8 20. Nxb6
Nxb6 21. Nc6 Bxc6 22. Bxc6 Ra7 23. bxa4 f6 24. g3 Ba5 25. Ba3 Rc8 26. Bb5 Bc3
27. Rab1 Kf7 28. Rb3 Ba5 29. Rxc8 Nxc8 30. Rd3 f5 31. Bc5 Rc7 32. Rd7+ Rxd7 33.
Bxd7 Nb6 34. Bxb6 Bxb6 35. Bc6 e5 36. e4 Kf6 37. Kg2 g5 38. exf5 Kxf5 39. f3 h6
40. Be4+ Ke6 41. h4 gxh4 42. gxh4 Ba5 43. Kg3 Bd2 44. h5 Kd6 45. Bf5 Kc5 46.
Kg4 Kb4 47. Bd7 Ka5 1/2-1/2

[Event "Grand Pacific op"]
[Site "Victoria CAN"]
[Date "2018.04.01"]
[Round "4.1"]
[White "Ginsburg, Mark"]
[Black "MacKinnon, Keith"]
[Result "1/2-1/2"]
[WhiteElo "2372"]
[BlackElo "2280"]
[PlyCount "77"]
[EventDate "2018.03.30"]
[EventType "swiss"]
[EventRounds "6"]
[EventCountry "CAN"]

1. Nf3 Nf6 2. c4 e6 3. g3 a6 4. Bg2 b5 5. b3 Bb7 6. O-O c5 7. Nc3 Qb6 8. e3 d6
9. Qe2 b4 10. Na4 Qc7 11. Bb2 Nbd7 12. Ng5 h6 13. Bxb7 Qxb7 14. Qf3 Rb8 15.
Qxb7 Rxb7 16. Nf3 Be7 17. d4 O-O 18. Rad1 Rc8 19. dxc5 dxc5 20. Rd3 Kf8 21.
Rfd1 Ke8 22. e4 Nxe4 23. Bxg7 h5 24. Ne5 Nb6 25. Nxb6 Rxb6 26. Nd7 Rb7 27. f3
Nc3 28. R1d2 Nd5 29. Ne5 Nc3 30. Nd7 Nb1 31. Rd1 Nc3 32. Bxc3 bxc3 33. Ne5 Rd8
34. Rxd8+ Bxd8 35. Kf1 a5 36. Rc1 Bf6 37. f4 Bxe5 38. fxe5 Rd7 39. Rc2 1/2-1/2

[Event "Grand Pacific op"]
[Site "Victoria CAN"]
[Date "2018.04.01"]
[Round "4.3"]
[White "Matras-Clement, Agnieszka"]
[Black "Findlay, Ian"]
[Result "1/2-1/2"]
[WhiteElo "2300"]
[BlackElo "2290"]
[PlyCount "80"]
[EventDate "2018.03.30"]
[EventType "swiss"]
[EventRounds "6"]
[EventCountry "CAN"]

1. e4 c5 2. Nf3 d6 3. d4 cxd4 4. Nxd4 Nf6 5. Nc3 g6 6. Be3 Bg7 7. f3 Nc6 8. Qd2
O-O 9. O-O-O d5 10. Qe1 e5 11. Nxc6 bxc6 12. exd5 Nxd5 13. Bc4 Be6 14. Kb1 a5
15. Ne4 f5 16. Ng5 Re8 17. Nxe6 Rxe6 18. g4 Rb8 19. gxf5 gxf5 20. Bb3 Qe7 21.
Rg1 Kh8 22. Bg5 Qc5 23. a4 e4 24. fxe4 fxe4 25. Qg3 Rb7 26. c4 Nf6 27. Rd8+ Ne8
28. Bh6 Qf8 29. Bxg7+ Rxg7 30. Qc3 e3 31. c5 Ree7 32. h4 Qf5+ 33. Bc2 Qe5 34.
Qxe5 Rxe5 35. Re1 Rge7 36. Bb3 Kg7 37. Rd3 Nf6 38. Rg1+ Kh6 39. Rd6 Rf5 40. Kc2
Kh5 {remainder illegible.} 1/2-1/2

[Event "Grand Pacific op"]
[Site "Victoria CAN"]
[Date "2018.04.01"]
[Round "4.4"]
[White "Sali, Zulfikar"]
[Black "Cao, Jason"]
[Result "1-0"]
[WhiteElo "2225"]
[BlackElo "2423"]
[PlyCount "125"]
[EventDate "2018.03.30"]
[EventType "swiss"]
[EventRounds "6"]
[EventCountry "CAN"]

1. e4 c5 2. Nf3 e6 3. g3 d5 4. exd5 exd5 5. d4 Nc6 6. Bg2 Bg4 7. O-O Bxf3 8.
Qxf3 Nxd4 9. Qd3 Nf6 10. Bg5 Be7 11. Nc3 O-O 12. Bxf6 Bxf6 13. Nxd5 Rc8 14. c3
Ne6 15. Rad1 Nc7 16. Qf5 Nxd5 17. Rxd5 Qb6 18. Rfd1 Rcd8 19. Rd7 Qe6 20. Qxe6
fxe6 21. Bxb7 Rxd7 22. Rxd7 Rf7 23. Rxf7 Kxf7 24. Kf1 Ke7 25. Ke2 Kd6 26. Kd3
Kc7 27. Be4 h6 28. Kc4 Be7 29. Kb5 e5 30. Ka6 Kb8 31. h4 Bf8 32. a3 Be7 33. b4
cxb4 34. axb4 Bf8 35. Ka5 Kc7 36. c4 Be7 37. c5 Bd8 38. Ka6 Kb8 39. Kb5 Kc7 40.
Kc4 Bf6 41. Kd5 Kd7 42. f3 Kc7 43. Ke6 Kd8 44. Kd6 Kc8 45. c6 Bd8 46. Bf5+ Kb8
47. Kd7 Bb6 48. g4 a5 49. b5 a4 50. Be6 a3 51. Kd6 Bd8 52. h5 Bc7+ 53. Kc5 Ka7
54. Ba2 Bd8 55. Kd6 Kb6 56. Ke6 Bc7 57. Kf7 Kxb5 58. Kxg7 e4 59. fxe4 Bf4 60.
c7 Bxc7 61. Kxh6 Kc5 62. Kg6 Kd4 63. Kf5 1-0

[Event "Grand Pacific op"]
[Site "Victoria CAN"]
[Date "2018.04.01"]
[Round "4.5"]
[White "Gansvind, Valeriya"]
[Black "Doknjas, John"]
[Result "1/2-1/2"]
[WhiteElo "2157"]
[BlackElo "2291"]
[PlyCount "107"]
[EventDate "2018.03.30"]
[EventType "swiss"]
[EventRounds "6"]
[EventCountry "CAN"]

1. b3 Nf6 2. Bb2 g6 3. Bxf6 exf6 4. d4 f5 5. e3 Bg7 6. g3 O-O 7. Bg2 c6 8. Ne2
d6 9. O-O Nd7 10. Nd2 Nf6 11. c4 Qe7 12. Qc2 Re8 13. Nc3 Be6 14. Rac1 d5 15.
cxd5 cxd5 16. Ne2 Ne4 17. Nf3 Qa3 18. Rb1 Rac8 19. Qb2 Bf8 20. b4 Qa4 21. Rfc1
Rxc1+ 22. Rxc1 Bxb4 23. Nf4 Ba3 24. Qc2 Qa5 25. Rb1 Rc8 26. Qb3 b6 27. Bf1 Nc3
28. Ra1 Bd6 29. Nxe6 fxe6 30. Ng5 Ne4 31. Nxe4 fxe4 32. Bh3 Kf7 33. a4 Ke7 34.
Qd1 h5 35. Bf1 Qc3 36. Rb1 Qc2 37. Bb5 Qxd1+ 38. Rxd1 Rc2 39. h4 Kf6 40. Kg2
Bb4 41. Kg1 Bd2 42. Rb1 Bc1 43. Ra1 e5 44. dxe5+ Kxe5 45. Be8 Kf6 46. Rb1 d4
47. exd4 e3 48. fxe3 Bxe3+ 49. Kh1 Kf5 50. Rb3 Re2 51. Bb5 Re1+ 52. Kg2 Bxd4
53. Rf3+ Ke6 54. Be8 1/2-1/2

[Event "Grand Pacific op"]
[Site "Victoria CAN"]
[Date "2018.04.01"]
[Round "4.6"]
[White "Cheng, Louis"]
[Black "Reeve, Jeff"]
[Result "1-0"]
[WhiteElo "2092"]
[BlackElo "2286"]
[PlyCount "119"]
[EventDate "2018.03.30"]
[EventType "swiss"]
[EventRounds "6"]
[EventCountry "CAN"]

1. e4 c5 2. Nf3 Nc6 3. Bc4 e6 4. Nc3 a6 5. d4 cxd4 6. Nxd4 Qc7 7. O-O b5 8. Bb3
Nf6 9. Bg5 Nxd4 10. Qxd4 Bc5 11. Qd3 Bb7 12. Rad1 Ng4 13. Qh3 h5 14. Qg3 Qxg3
15. hxg3 f6 16. Bf4 Ke7 17. e5 Nxe5 18. Bxe5 fxe5 19. Kh2 d5 20. Ne2 g5 21. f4
h4 22. fxe5 hxg3+ 23. Kxg3 Raf8 24. Rxf8 Rxf8 25. Rh1 Rf7 26. Rh6 a5 27. c3 b4
28. Rg6 Bf2+ 29. Kg4 Ba6 30. Nd4 Bxd4 31. cxd4 Rf4+ 32. Kxg5 Rxd4 33. Rg7+ Kf8
34. Ra7 Bc4 35. Kf6 Rf4+ 36. Kxe6 Rg4 37. Kd6 Bxb3 38. axb3 d4 39. Ra8+ Kg7 40.
Rxa5 Rxg2 41. e6 d3 42. Rd5 d2 43. Kc5 Kf6 44. Kxb4 Kxe6 45. Rd3 d1=Q 46. Rxd1
Rxb2 47. Kc4 Rh2 48. Kb5 Rh5+ 49. Kc6 Rh3 50. Re1+ Kf5 51. b4 Rc3+ 52. Kb6 Rb3
53. b5 Rb2 54. Kc6 Rc2+ 55. Kb7 Rb2 56. b6 Kf6 57. Kc7 Rc2+ 58. Kb8 Rb2 59. b7
Kf7 60. Rc1 1-0

[Event "Grand Pacific op"]
[Site "Victoria CAN"]
[Date "2018.04.01"]
[Round "4.7"]
[White "Patterson, Roger"]
[Black "Doknjas, Joshua"]
[Result "0-1"]
[WhiteElo "2116"]
[BlackElo "2256"]
[PlyCount "74"]
[EventDate "2018.03.30"]
[EventType "swiss"]
[EventRounds "6"]
[EventCountry "CAN"]

1. e4 c5 2. Nf3 d6 3. d4 cxd4 4. Nxd4 Nf6 5. Nc3 a6 6. f4 e5 7. Nf3 Nbd7 8. a4
Qc7 9. Bd3 Be7 10. O-O O-O 11. Qe1 Nc5 12. b4 Nxd3 13. cxd3 Re8 14. Kh1 Bd7 15.
Bd2 Rac8 16. Rc1 Qb8 17. b5 Bd8 18. fxe5 dxe5 19. Nh4 Qd6 20. Qg3 Kh8 21. Nf5
Bxf5 22. Rxf5 Ba5 23. bxa6 bxa6 24. Nb1 Rxc1+ 25. Bxc1 Nxe4 26. Qe3 Nf6 27. Nd2
Bc7 28. Nc4 Qe6 29. Rf1 e4 30. Bb2 Ng4 31. Qd4 f6 32. h3 Nh6 33. dxe4 Qxe4 34.
Qd7 Qe7 35. Qc6 Nf5 36. Kg1 Ng3 37. Rxf6 Qe1+ 0-1

[Event "Grand Pacific op"]
[Site "Victoria CAN"]
[Date "2018.04.01"]
[Round "4.8"]
[White "Nyamdorj, Davaa-Ochir"]
[Black "Roback, Joe"]
[Result "1/2-1/2"]
[WhiteElo "2253"]
[BlackElo "2005"]
[PlyCount "147"]
[EventDate "2018.03.30"]
[EventType "swiss"]
[EventRounds "6"]
[EventCountry "CAN"]

1. e4 c5 2. Nf3 e6 3. d4 cxd4 4. Nxd4 Nc6 5. Nc3 Qc7 6. Be3 a6 7. a3 Nf6 8. f4
d6 9. Qf3 Be7 10. Bd3 O-O 11. O-O Nxd4 12. Bxd4 e5 13. Be3 exf4 14. Qxf4 Be6
15. Nd5 Qd8 16. Bd4 Ng4 17. Nxe7+ Qxe7 18. h3 Nh6 19. Rf3 f6 20. Rg3 Kh8 21.
Rf1 Rac8 22. Qh4 Bc4 23. Kh2 Bxd3 24. cxd3 Ng8 25. Rf5 Qf7 26. Rh5 h6 27. Rd5
Rc6 28. Rf3 Kh7 29. Qf4 Qe6 30. Rg3 Ne7 31. Rh5 Ng6 32. Qd2 Rf7 33. Be3 f5 34.
Bxh6 Kg8 35. Qg5 f4 36. Rg4 Rc5 37. e5 Rxe5 38. Qd8+ Rf8 39. Rxe5 dxe5 40. Qg5
Rf6 41. Qh5 gxh6 42. Qxh6 b5 43. Rg5 Qf7 44. h4 Qh7 45. Qxh7+ Kxh7 46. h5 Nh4
47. Rxe5 f3 48. Re7+ Kh6 49. gxf3 Nxf3+ 50. Kg3 Kxh5 51. a4 b4 52. Rb7 Ne5 53.
Rxb4 Nxd3 54. Rb8 Nc5 55. a5 Ne4+ 56. Kg2 Rf2+ 57. Kg1 Rf6 58. Rc8 Kg6 59. Rc7
Nd6 60. Kg2 Nb5 61. Rb7 Kf5 62. Kf3 Ke5+ 63. Ke3 Nd6 64. Rc7 Kd5 65. Kd3 Nb5
66. Rc8 Rc6 67. Rh8 Kc5 68. Rh4 Rd6+ 69. Kc2 Nd4+ 70. Kc3 Nc6 71. b4+ Kd5 72.
b5 Nxa5 73. Rh5+ Ke4 74. bxa6 1/2-1/2

[Event "Grand Pacific op"]
[Site "Victoria CAN"]
[Date "2018.04.01"]
[Round "4.9"]
[White "Brown, Gabriel"]
[Black "Chandra, Anand Rishi"]
[Result "1/2-1/2"]
[WhiteElo "2075"]
[BlackElo "1825"]
[PlyCount "52"]
[EventDate "2018.03.30"]
[EventType "swiss"]
[EventRounds "6"]
[EventCountry "CAN"]

1. c4 Nf6 2. g3 g6 3. Bg2 d5 4. cxd5 Nxd5 5. Nc3 Nb6 6. Nf3 Bg7 7. O-O O-O 8.
d3 Nc6 9. Be3 e5 10. Qd2 Re8 11. Rab1 Nd4 12. Bh6 Bg4 13. Bxg7 Kxg7 14. Ne1 Bc8
15. Nc2 c6 16. b4 Be6 17. Rfd1 Qc7 18. Nxd4 exd4 19. Ne4 Rad8 20. Rdc1 f5 21.
Nc5 Bd5 22. Qb2 Bxg2 23. Kxg2 Re7 24. b5 Qe5 25. bxc6 bxc6 26. Rc2 Rd6 1/2-1/2